[Event "Hokkaido Chess Championship 2025"]
[Site "?"]
[Date "2025.03.23"]
[Round "5.9"]
[White "Ito, Katsuhide"]
[Black "Yajima, Machiko"]
[Result "0-1"]
[WhiteElo "1389"]
[BlackElo "1367"]
[Annotator "Fritz 11 SE (30s)"]
[PlyCount "68"]
[EventDate "2025.03.22"]
[EventRounds "5"]
[EventCountry "JPN"]

{C80: Open Ruy Lopez: Sidelines and 9 Nbd2} 1. e4 e5 2. Nf3 Nc6 3. Bb5 a6 4.
Ba4 Nf6 5. O-O Nxe4 6. d4 exd4 7. Nxd4 $146 (7. Re1 d5 8. Nxd4 (8. c4 dxc3 9.
Nxc3 Be6 10. Nd4 Nxc3 11. bxc3 Qd7 12. Rb1 b5 13. Rxb5 axb5 14. Bxb5 Nxd4 15.
Bxd7+ Kxd7 16. cxd4 Bd6 17. Be3 Rxa2 18. Qb1 Rha8 19. Qxh7 g6 20. g3 c5 21.
dxc5 Be5 22. Qh4 R2a4 {Zhidkov,V (2495)-Faibisovich,V (2425) Rostov on Don
1976 1-0 (77)}) 8... Bd6 9. Nxc6 (9. Qf3 O-O 10. Nxc6 bxc6 11. Bxc6 Bxh2+ 12.
Kxh2 Qd6+ 13. Bf4 Qxc6 14. Nc3 Bf5 15. Nxe4 dxe4 16. Qc3 Qxc3 17. bxc3 f6 18.
Rab1 Rf7 19. Rb4 g5 20. Be3 Rd7 21. a3 Kf7 22. Reb1 Re8 23. Rc4 Bg4 {Almasi,Z 
(2650)-Varga,Z (2540) Tucepi 1996 0-1 (49)}) 9... Bxh2+ 10. Kh1 (10. Kf1 Qh4
11. Nb4+ c6 12. Be3 O-O 13. Nd2 Bg4 14. Nf3 Qh5 15. Nd3 Rae8 16. c3 Re6 17. Bd4
Bxf3 {0-1 (17) Rytshagov,M (2495)-Rantanen,Y (2355) Finland 1996}) 10... Qh4
11. Rxe4+ dxe4 12. Qd8+ Qxd8 13. Nxd8+ Kxd8 14. Kxh2 Be6 15. Be3 (15. Nc3 c5
16. a3 c4 17. b4 b5 18. Nxb5 axb5 19. Bxb5 Kc7 20. Bf4+ Kb6 21. a4 Rhd8 22.
Be3+ Kb7 23. a5 Rd5 24. a6+ Kc7 25. Bc5 Rd2 26. c3 Rd3 27. Ra5 Rxc3 28. Ba4 Rd3
29. b5 Rd5 {Lhagva,J (2330)-Midjord,J (2205) Luzern 1982 1-0 (31)}) 15... f5
16. Nc3 Ke7 17. g4 g6 18. Kg3 h5 19. gxf5 h4+ 20. Kh2 gxf5 21. Ne2 b5 {
Capablanca,J-Lasker,E New York 1915 1-0 (69)}) 7... Nc5 8. Re1+ Ne7 $4 {
with this move Black loses his initiative} (8... Ne6 $5 $11 {looks like a
viable alternative}) 9. c3 (9. c4 $142 $5 c6 10. Nc3 $18) 9... Nxa4 $14 10.
Qxa4 g6 $2 {Secures f5} (10... f6 $142 $14 {and Black can hope to live}) 11.
Bg5 $18 h6 $2 (11... b5 12. Nxb5 $1 {Deflection: a6} Bb7 $18) 12. Bf6 Rh7 13.
Qd1 (13. Nd2 $142 {and the result of the game is clear: White will win} b6 14.
Rxe7+ Bxe7 15. Re1 $18) 13... c5 {Black threatens to win material: c5xd4} 14.
Nf3 {White has a king attack} Qb6 {Black threatens to win material: Qb6xf6.
Black forks: b2+f6} 15. b3 $4 {not a good decision, because now the opponent
is right back in the game} (15. Bxe7 $142 {was necessary} Bxe7 16. Qe2 $14)
15... Qxf6 $19 16. Re3 (16. Na3 {doesn't do any good} Kd8 $19 (16... Qxc3 $6 {
is clearly weaker} 17. Qd6 b5 18. Rac1 $17)) 16... d6 17. Nbd2 Be6 (17... d5
$142 {makes sure everything is clear} 18. b4 cxb4 19. cxb4 h5 $19) 18. Ne4 $18
Qf4 19. Nxd6+ $4 {gives the opponent new chances.} (19. g3 Qxe4 20. Rxe4 Nc6
$18) 19... Kd8 $4 {weakening the position} (19... Kd7 20. Nc4+ Ke8 21. Nd6+ Kd7
22. Nc4+ Ke8 23. Nd6+ Kd7 $11) 20. Nxf7+ $4 {Black is in double check.
throwing away the advantage} (20. g3 $142 {would have made live much easier
for White} Qg4 21. Nxf7+ Ke8 22. Nd6+ Kd8 23. Ne4+ Nd5 24. Nf6 $18) 20... Kc7
$11 21. N7e5 $4 (21. Rxe6 $142 {would allow White to play on} Rxf7 22. g3 Qxf3
23. Qd6+ Kc8 24. Rd1 Qxf2+ 25. Kh1 Qf3+ 26. Kg1 Qf2+ 27. Kh1 Qf3+ 28. Kg1 Qf2+
$11) 21... Nd5 (21... Qf6 {might be the shorter path} 22. c4 Nf5 23. Re2 $19)
22. Rd3 Bd6 (22... Qe4 23. g3 g5 24. Qd2 $19) 23. Qe1 $4 {strolling merrily
down the path to disaster} (23. Rxd5 $142 Bxd5 24. Qxd5 $17) 23... Re8 $19 24.
c4 Bxe5 25. cxd5 (25. Nxe5 Nb4 26. Rf3 $19) 25... Bxa1 26. Qxa1 Bd7 (26... Rd7
$142 $5 {seems even better} 27. g3 Qf5 28. Qe5+ Qxe5 29. Nxe5 Rxd5 30. Re3 Rd1+
31. Kg2 $19) 27. Qc3 Qb4 28. d6+ (28. Qc1 {doesn't get the bull off the ice}
Kb6 29. a3 Qe4 $19) 28... Kd8 (28... Kb6 $5 {makes it even easier for Black}
29. Qa1 $19) 29. Qf6+ Kc8 30. h3 Qe4 31. Re3 (31. Rc3 {doesn't change anything
anymore} b6 32. b4 c4 $19) 31... Qf5 (31... Qb1+ {might be the shorter path}
32. Kh2 Rxe3 33. fxe3 $19) 32. Rxe8+ (32. Qxf5 gxf5 (32... Bxf5 $6 33. Rxe8+
Kd7 34. Re1 $11) 33. Rc3 b6 $19) 32... Bxe8 33. Qc3 Qd5 34. Qf6 (34. Qe5 {
does not solve anything} Bc6 $19) 34... Rf7 (34... Rf7 35. Qxg6 h5 $19) 0-1